000 00968nac a22002657a 4500
001 BR7803663
003 BR-BrBNA
005 20240105114235.0
008 230509b bl.|||m| |||| 00| 0 por d
040 _aBR-BrBNA
_bpor
_cBiblioteca Nacional de Agricultura
072 _aA50; F00
090 _aA50 BR7803663
110 1 _aUnidade de Execucao de Pesquisa de Ambito Estadual de Penedo, AL (Brasil)
_910371
245 1 _aRelatorio trimestral [Unidade de Execucao de Pesquisa de Ambito Estadual de Penedo; Pesquisa agricola; Producao vegetal; Alagoas; Brasil]
260 3 _aPenedo, AL (Brasil):
_cApr 1978.
300 _a16 p.
490 _aRelatorio Trimestral - Unidade de Execucao de Pesquisa de Ambito Estadual de Penedo (Brazil)
_v
_x
650 _aPesquisa agricola
650 _aProducao vegetal
650 _aProjeto de pesquisa
650 _aPenedo
650 _aAlagoas
909 _a202312
_bLúcia Elande
_c55
_dLúcia Elande
942 _2AGRIS
_n0
_cMS
999 _c268206
_d268206